000 00911nam a2200277 i 4500
003 DO-SdBNP
005 20260306125606.0
007 ta
008 260306b2009 dr ||||| |||| 00| 0 spa d
020 _a9789993478409
040 _aDO-SdBNP
_bspa
_cBNPHU
_erda
041 _aspa
082 4 _axxx
_bP438L
_222
100 _aPérez Méndez, Persiles Ayanes,
_eautor
_d1952-
_4aut.
_989162
245 1 0 _aLeonismo es fe en la convivencia humana /
_cPersiles Ayanes Pérez Méndez.
250 _aPrimera edición
264 4 _aSanto Domingo, República Dominicana :
_bImpresora Soto Castillo, S. A.
_c©2009.
300 _a451 páginas ;
_c23 cm.
336 _atexto
_btxt
_2rdacontent
337 _asin mediación
_bn
_2rdamedia
338 _avolumen
_bnc
_2rdacarrier
500 _aIncluye datos biográficos del autor en las solapas
590 _aInventariados, 2026 /LP
910 _aLP
942 _2ddc
_cLBS1
999 _c60460
_d60460